000 00540nam a2200181Ia 4500
003 OSt
005 20200123133431.0
008 190216s9999||||xx |||||||||||||| ||und||
020 _a8174938192
040 _coclc
082 _a658.421
_bDES/D
100 _aDesai, Vasant
_9846
245 0 _aDynamics Of Entrepreneurial Development And Management /
_cVasant Desai
250 _a4th ed.
260 _bHimalaya Publishing House,
_c2000.
_aMumbai:
300 _a742p
942 _cBK
_2ddc
_h658.421
_iDES/D
_k658.421
_mDES/D
999 _c5887
_d5887